000 00825nam a2200205Ii 4500
003 JO-AjNU
008 230605s9999||||xx |||||||||||||| ||und||
040 _aJO-AjNU
_bara
_erda
_cJO-AjNU
041 _aara
050 1 4 _aBP161.2.H3 1900
100 3 _aحوى،سعيد ، مراجعة: وهبي سليمان الغاوجي,
_eauthor
_942617
245 0 0 _aالإسلام: الأصل الثالث، ج3
264 3 1 _aد.م: المؤلف، د.ت
300 _aج3، 234ص
336 _atext
_btxt
_2rdacontent
337 _aunmediated
_bn
_2rdamedia
338 _avolume
_bnc
_2rdacarrier
490 0 _aدراسات منهجية هادفة حول الأصول الثلاثة: الله، الرسول، الاسلام
650 4 _aالاسلام- متفرقات- علم الكلام- الاخلاق الاسلامية
_942618
999 _aA18261
_c21829
_d21829